Normal view
MARC view
Entry Geographic Name
001 - CONTROL NUMBER
- control field: 10634
003 - CONTROL NUMBER IDENTIFIER
- control field: BD-RjUL
005 - DATE AND TIME OF LATEST TRANSACTION
- control field: 20231220154145.0
008 - FIXED-LENGTH DATA ELEMENTS
- fixed length control field: 231220|| aca||aabn | a|a d
040 ## - CATALOGING SOURCE
- Original cataloging agency: BD-RjUL
- Transcribing agency: BD-RjUL
151 ## - HEADING--GEOGRAPHIC NAME
- Geographic name: Iran
- General subdivision: Kings and rulers
- Form subdivision: Biography
- Form subdivision: Miscellanea
670 ## - SOURCE DATA FOUND
- Source citation: Work cat.: (BD-RjUL)82510: Jalāl al-Dīn Mīrzā,جلال الدين ميرزا. author. 10633, Nāmah-ʼi Khusravān :نامۀ خسروان : /